[Event "European Blitz 2015"]
[Site "Minsk BLR"]
[Date "2015.12.18"]
[Round "13.45"]
[White "Gritsenko, Nikolai"]
[Black "Bodnaruk, Anastasia"]
[Result "0-1"]
[WhiteTitle "FM"]
[BlackTitle "IM"]
[WhiteElo "2309"]
[BlackElo "2456"]
[WhiteFideId "14112493"]
[BlackFideId "4181751"]
[EventDate "2015.12.18"]
[EventType "swiss (blitz)"]

1. b3 e5 2. Bb2 Nc6 3. c4 g6 4. e3 Bg7 5. Nf3 d6 6. Be2 f5 7. O-O Nf6 8. d4 e4
9. Nfd2 O-O 10. d5 Ne5 11. Nc3 c6 12. dxc6 bxc6 13. Qc2 Qe7 14. Rfd1 Be6 15. b4
g5 16. Rac1 g4 17. Na4 Bf7 18. a3 Bh6 19. b5 c5 20. Kh1 Bg6 21. Qc3 Rae8 22. b6
f4 23. Bf1 fxe3 24. fxe3 Nh5 25. g3 Bg7 26. Qb3 Rb8 27. Bg2 Nf3 28. Nf1 axb6 29.
Bxg7 Nxg7 30. Nc3 Nf5 31. Nd5 Qg5 32. Nf4 Qh6 33. Bxf3 exf3 34. Rd5 Rfe8 35.
Rcd1 Qg7 36. Kg1 Re7 37. a4 Rbe8 38. Qxb6 Nxe3 39. Nxe3 Rxe3 40. Qxd6 Qb2 41.
Rf1 Re1 42. Rd1 f2+ 43. Kh1 Be4+ 44. Ng2 Rxd1 45. Rxd1 Qe2 46. Qd2 Qxd2 0-1

[Event "European Blitz 2015"]
[Site "Minsk BLR"]
[Date "2015.12.18"]
[Round "13.46"]
[White "Belyakov, Bogdan"]
[Black "Sysolyatin, Evgeny"]
[Result "0-1"]
[WhiteTitle "IM"]
[BlackTitle "FM"]
[WhiteElo "2511"]
[BlackElo "2289"]
[WhiteFideId "24104795"]
[BlackFideId "4154916"]
[EventDate "2015.12.18"]
[EventType "swiss (blitz)"]

1. e4 e5 2. Nf3 Nc6 3. Nc3 Nf6 4. Be2 d5 5. exd5 Nxd5 6. O-O Nxc3 7. bxc3 Bd6 8.
d4 O-O 9. Bd3 exd4 10. cxd4 h6 11. h3 Qf6 12. c3 Bf5 13. Rb1 Bxd3 14. Qxd3 b6
15. Rb5 Rfe8 16. Rf5 Qg6 17. Nh4 Qh7 18. Qf3 Be7 19. Qxc6 Bxh4 20. Rf3 Rac8 21.
Bf4 Qe4 22. d5 Red8 23. c4 Qe8 24. Qb7 Qd7 25. Re1 a5 26. Rfe3 Bf6 27. Re4 a4
28. g4 h5 29. g5 Bc3 30. R1e3 Bb4 31. Kg2 Bc5 32. Re2 a3 33. Qa7 g6 34. Be5 Qf5
35. Bf6 Rf8 36. Qa4 Bd6 37. Qb3 Bc5 38. Qg3 Bd6 39. Qe3 Bc5 40. Qd2 Bd6 41. Qc3
Ra8 42. h4 Rfc8 43. Bh8 Bf8 44. Bf6 Rab8 45. Qd4 Ra8 46. Rf4 Qd7 47. Rfe4 Qf5
48. Qd2 Qd7 49. Bc3 Bg7 50. Bxg7 Kxg7 51. Qd4+ Kg8 52. Qf6 Re8 53. Re7 Qg4+ 54.
Kf1 Rxe7 55. Rxe7 Qd1+ 56. Re1 Qg4 57. Re7 Qd1+ 58. Kg2 Qg4+ 59. Kf1 Qd1+ 60.
Kg2 Qg4+ 61. Kf1 Qxc4+ 0-1

[Event "European Blitz 2015"]
[Site "Minsk BLR"]
[Date "2015.12.18"]
[Round "13.47"]
[White "Pavlov, Sergey2"]
[Black "Khoroshilov, Nikita"]
[Result "1-0"]
[WhiteTitle "IM"]
[WhiteElo "2454"]
[BlackElo "2294"]
[WhiteFideId "14114330"]
[BlackFideId "24145122"]
[EventDate "2015.12.18"]
[EventType "swiss (blitz)"]

1. c4 g6 2. d4 d6 3. Nf3 Nf6 4. g3 Bg7 5. Bg2 O-O 6. O-O Nc6 7. Nc3 a6 8. Qd3
Bd7 9. d5 Nb4 10. Qd2 a5 11. Nd4 Na6 12. b3 h5 13. Bb2 h4 14. e4 hxg3 15. hxg3
Rc8 16. Rae1 c5 17. Ndb5 Nc7 18. a4 Nxb5 19. axb5 b6 20. Na4 Rb8 21. e5 dxe5 22.
Bxe5 Rc8 23. Qc3 Bf5 24. Rd1 Ne8 25. Rfe1 Bh6 26. f3 Nd6 27. g4 Bd7 28. Kf2 Rb8
29. Rh1 f6 30. Bxd6 exd6 31. Rxh6 Kg7 32. Rdh1 1-0

[Event "European Blitz 2015"]
[Site "Minsk BLR"]
[Date "2015.12.18"]
[Round "13.48"]
[White "Naboka, Sergey"]
[Black "Karpov, Vadim"]
[Result "0-1"]
[WhiteTitle "FM"]
[BlackTitle "IM"]
[WhiteElo "2266"]
[BlackElo "2377"]
[WhiteFideId "14123452"]
[BlackFideId "4155025"]
[EventDate "2015.12.18"]
[EventType "swiss (blitz)"]

1. e4 e5 2. Nf3 Nc6 3. Bb5 a6 4. Bxc6 dxc6 5. O-O Bd6 6. c3 c5 7. d4 cxd4 8.
cxd4 exd4 9. Qxd4 f6 10. Nc3 Ne7 11. Qc4 Qd7 12. Re1 Qc6 13. Qb3 Be6 14. Nd5
Bxd5 15. exd5 Qb5 16. Qxb5+ axb5 17. Nd4 O-O-O 18. Nxb5 Nxd5 19. Nxd6+ Rxd6 20.
a3 Kd7 21. g3 Re6 22. Bd2 Rxe1+ 23. Rxe1 Ra8 24. Kf1 Ra6 25. Rd1 Ke6 26. Re1+
Kf7 27. Rd1 c6 28. Ke2 Rb6 29. b4 Ra6 30. Ra1 b5 31. Kd3 Ke6 32. Kd4 Kd6 33. f4
f5 34. Kd3 Ra8 35. Be3 Nxb4+ 36. Kd2 Nd5 37. Bd4 g6 38. Be5+ Kd7 39. Kd3 c5 40.
Ke2 Kc6 41. h4 h5 42. Kd3 Ra4 43. Bb2 Re4 44. Bc1 Rd4+ 45. Ke2 c4 46. Bb2 Rd3
47. a4 Rxg3 48. axb5+ Kxb5 49. Kf2 Rh3 50. Be5 Rxh4 51. Kg3 Rg4+ 52. Kf3 c3 53.
Rd1 Kc5 54. Ra1 h4 55. Ra5+ Kc4 56. Ra4+ Kb3 57. Rd4 Rg3+ 58. Kf2 Ne3 59. Rd8
Ng4+ 60. Kf1 h3 61. Rb8+ Kc2 62. Ra8 h2 63. Ra2+ Kd3 0-1

[Event "European Blitz 2015"]
[Site "Minsk BLR"]
[Date "2015.12.18"]
[Round "13.49"]
[White "Harshkou, Mikita"]
[Black "Balashov, Yuri S"]
[Result "0-1"]
[BlackTitle "GM"]
[WhiteElo "2300"]
[BlackElo "2408"]
[WhiteFideId "13504770"]
[BlackFideId "4100263"]
[EventDate "2015.12.18"]
[EventType "swiss (blitz)"]

1. d4 d6 2. Nf3 g6 3. g3 Bg7 4. Bg2 Nf6 5. O-O O-O 6. c4 Nc6 7. Nc3 a6 8. d5 Na5
9. b3 c5 10. dxc6 Nxc6 11. Bb2 Rb8 12. Nd5 Nxd5 13. Bxg7 Ne3 14. fxe3 Kxg7 15.
Nd4 Ne5 16. a4 Bd7 17. a5 b5 18. axb6 Qxb6 19. Ra3 a5 20. Qa1 a4 21. bxa4 f6 22.
Rc1 Rfc8 23. Bd5 Qa5 24. Qc3 Qa7 25. a5 Nxc4 26. Bxc4 d5 27. Qd2 dxc4 28. Nf3
Be6 29. Qc3 Rb3 30. Qa1 Qxe3+ 31. Kh1 Rxa3 0-1

[Event "European Blitz 2015"]
[Site "Minsk BLR"]
[Date "2015.12.18"]
[Round "14.7"]
[White "Bortnyk, Olexandr"]
[Black "Popov, Valerij"]
[Result "1/2-1/2"]
[WhiteTitle "GM"]
[BlackTitle "GM"]
[WhiteElo "2552"]
[BlackElo "2528"]
[WhiteFideId "14120828"]
[BlackFideId "4119410"]
[EventDate "2015.12.18"]
[EventType "swiss (blitz)"]

1. d4 Nf6 2. Nc3 e6 3. Bf4 Nh5 4. Bd2 d5 5. e4 Nf6 6. e5 Nfd7 7. Qg4 c5 8. Nb5
cxd4 9. Nf3 Nc6 10. Qg3 a6 11. Nbxd4 Qb6 12. Nxc6 bxc6 13. b3 a5 14. Bd3 Ba6 15.
O-O g6 16. h4 Bb4 17. Bh6 Bf8 18. Bxf8 Kxf8 19. Bxa6 Rxa6 20. Qf4 Kg7 21. h5 Rf8
22. h6+ Kg8 23. c4 Rc8 24. Rad1 Raa8 25. Ng5 Rf8 26. Ne4 Qd8 27. Nf6+ Nxf6 28.
exf6 Qb8 29. Qe3 a4 30. Rfe1 axb3 31. axb3 Ra6 32. Ra1 Rb6 33. Ra3 Rb4 34. cxd5
cxd5 35. Rea1 Qf4 36. Qxf4 Rxf4 37. Ra8 Rxf6 38. Rxf8+ Kxf8 39. Ra8+ Ke7 40. Rh8
Rf5 41. Rxh7 Rh5 42. g4 Rh4 43. f3 Kf6 44. Kg2 g5 45. Kg3 Rh1 46. Rh8 Kg6 47. b4
Rb1 48. Rb8 Kxh6 49. b5 Kg7 50. b6 Rb3 51. b7 Rb2 52. Kh3 Kf6 53. Kg3 Ke5 54.
Rg8 Rxb7 55. Rxg5+ Kd4 56. Kf4 f6 57. Rg6 Rf7 58. Rh6 Kd3 59. Rh1 d4 60. Rd1+
Kc3 61. Ke4 f5+ 62. Ke5 fxg4 63. fxg4 Rg7 64. Rxd4 Rg5+ 65. Kf6 Kxd4 66. Kxg5 e5 1/2-1/2

[Event "European Blitz 2015"]
[Site "Minsk BLR"]
[Date "2015.12.18"]
[Round "14.8"]
[White "Alekseev, Evgeny"]
[Black "Rozum, Ivan"]
[Result "1/2-1/2"]
[WhiteTitle "GM"]
[BlackTitle "GM"]
[WhiteElo "2642"]
[BlackElo "2559"]
[WhiteFideId "4138147"]
[BlackFideId "24104272"]
[EventDate "2015.12.18"]
[EventType "swiss (blitz)"]

1. e4 c6 2. d3 d5 3. Nd2 e5 4. Ngf3 Bd6 5. d4 exd4 6. exd5 cxd5 7. Nxd4 Nc6 8.
N2b3 Nf6 9. Be2 O-O 10. O-O Re8 11. Bg5 h6 12. Bh4 Ne5 13. c3 a6 14. Re1 Ng6 15.
Bg3 Nf4 16. Bf3 Ne4 17. Qc2 f5 18. Rad1 Qf6 19. Bxf4 Bxf4 20. g3 Be5 21. Bg2 Bd7
22. Nf3 Bc6 23. Nxe5 Rxe5 24. f3 Nd6 25. Rxe5 Qxe5 26. f4 Qe6 27. Nd4 Qf7 28.
Nf3 Nc4 29. Qf2 Re8 30. Re1 Rxe1+ 31. Nxe1 Qe7 32. Nf3 Qe4 33. b3 Ne3 34. Nd4
Nxg2 35. Qxg2 Qe1+ 36. Qf1 Qxc3 37. Qf2 Qd3 38. h3 Be8 39. Kh2 Bf7 40. g4 fxg4
41. hxg4 Qe4 42. Kg3 g6 43. f5 g5 44. Qd2 Qe5+ 45. Kh3 Kg7 46. Nf3 Qe4 47. Kg3
Be8 48. Qc3+ Kg8 49. Qd2 Bb5 50. Qc1 Bc6 51. Qd2 Kf7 52. Nd4 Qe5+ 53. Kh3 Ke7
54. Qc3 Kf6 55. Qc5 Qe3+ 56. Kh2 Qf4+ 57. Kh3 Qe3+ 58. Kh2 Qf4+ 59. Kh3 Qe3+ 1/2-1/2

[Event "European Blitz 2015"]
[Site "Minsk BLR"]
[Date "2015.12.18"]
[Round "14.9"]
[White "Kovalenko, Igor"]
[Black "Roiz, Michael"]
[Result "0-1"]
[WhiteTitle "GM"]
[BlackTitle "GM"]
[WhiteElo "2680"]
[BlackElo "2594"]
[WhiteFideId "14117908"]
[BlackFideId "2804158"]
[EventDate "2015.12.18"]
[EventType "swiss (blitz)"]

1. c4 Nf6 2. d4 g6 3. Nc3 d5 4. Bg5 Bg7 5. Bxf6 Bxf6 6. cxd5 c6 7. e4 cxd5 8. e5
Bg7 9. h4 h5 10. Bb5+ Bd7 11. Qb3 e6 12. Nge2 Nc6 13. Bd3 Qb6 14. Qxb6 axb6 15.
Rc1 Ke7 16. a3 Bh6 17. f4 Rhc8 18. g3 Na5 19. Kf2 Nc4 20. Rc2 b5 21. Rhc1 Kd8
22. Na2 Bf8 23. Ng1 Rc7 24. Ke2 Rac8 25. Rb1 Na5 26. Rxc7 Rxc7 27. Nf3 Be7 28.
Nb4 Nc6 29. Nc2 Na5 30. Ne3 Nc4 31. Nc2 Na5 32. Na1 Rc8 33. Nc2 Nc4 34. Ne3 Na5
35. Nf1 Nb3 36. Ke3 b4 37. axb4 Bxb4 38. N1d2 Na5 39. Ra1 b6 40. Ke2 Ke7 41. Nf1
Rc7 42. N1d2 Rc8 43. Rb1 Nc4 44. Nxc4 Ke8 0-1

[Event "European Blitz 2015"]
[Site "Minsk BLR"]
[Date "2015.12.18"]
[Round "14.10"]
[White "Inarkiev, Ernesto"]
[Black "Jobava, Baadur"]
[Result "1/2-1/2"]
[WhiteTitle "GM"]
[BlackTitle "GM"]
[WhiteElo "2668"]
[BlackElo "2673"]
[WhiteFideId "4162722"]
[BlackFideId "13601520"]
[EventDate "2015.12.18"]
[EventType "swiss (blitz)"]

1. d4 Nf6 2. c4 g6 3. Nc3 Bg7 4. e4 O-O 5. Nf3 c6 6. Be2 d5 7. e5 Ne8 8. O-O Nc7
9. h3 dxc4 10. Bxc4 Nd7 11. Be3 Nb6 12. Bb3 Be6 13. Bc2 f6 14. Re1 Kh8 15. Ne4
Nc4 16. Nc5 Bd5 17. exf6 exf6 18. b3 Nxe3 19. fxe3 b6 20. Nd3 Bf7 21. Rc1 Re8
22. Bb1 Qd6 23. e4 Rad8 24. Qc2 Ne6 25. e5 fxe5 26. Ndxe5 Bg8 27. Qxc6 Nxd4 28.
Qxd6 Nxf3+ 29. Nxf3 Rxe1+ 30. Nxe1 Rxd6 31. Be4 Bb2 32. Rc2 Bd4+ 33. Kf1 Rf6+
34. Ke2 Re6 35. Kd3 Bc5 36. Nf3 a5 37. Re2 Kg7 38. Bb7 Rxe2 39. Kxe2 Kf6 40. Ba6
a4 41. Nd2 axb3 42. axb3 Ke5 43. Nf3+ Kf4 44. Bc4 Bxc4+ 45. bxc4 Be7 46. Nd2 h5
47. Kf2 Ke5 48. Nf3+ Ke4 49. Ke2 Bf6 50. Kd2 g5 51. Ke2 g4 52. hxg4 hxg4 53. Nh2
Kf4 54. Nf1 Bd4 55. Nd2 Bc5 56. Nf1 Be7 57. Ne3 Bc5 58. Nd5+ Ke4 59. Nf6+ Kf5
60. Nd5 Ke5 61. Kd3 b5 62. Nc7 b4 63. Na6 Kd6 64. Kc2 Bg1 65. Kb3 Ke5 66. c5 Kf4
67. c6 Bb6 68. Nxb4 Kg3 69. Nd5 Bd8 70. Ne3 Kf4 71. Nf1 Ke4 72. Kc4 Bc7 73. Kc5
Kd3 74. g3 Ke4 75. Nh2 Kf5 76. Nf1 Ke4 77. Kb5 Kf3 78. Ka6 Kf2 79. Kb7 Be5 80.
Nh2 Kxg3 81. Nxg4 1/2-1/2

[Event "European Blitz 2015"]
[Site "Minsk BLR"]
[Date "2015.12.18"]
[Round "14.11"]
[White "Rakhmanov, Aleksandr"]
[Black "Ponkratov, Pavel"]
[Result "0-1"]
[WhiteTitle "GM"]
[BlackTitle "GM"]
[WhiteElo "2640"]
[BlackElo "2604"]
[WhiteFideId "4173708"]
[BlackFideId "4157800"]
[EventDate "2015.12.18"]
[EventType "swiss (blitz)"]

1. c4 Nf6 2. Nc3 c5 3. g3 d5 4. cxd5 Nxd5 5. Bg2 Nc7 6. b3 e5 7. Bb2 Be7 8. Rc1
f6 9. Na4 Ne6 10. e3 Nc6 11. a3 O-O 12. Ne2 Bd7 13. O-O Rc8 14. Nac3 Kh8 15. Nd5
b6 16. f4 exf4 17. Nexf4 Nxf4 18. Nxf4 Bd6 19. Qh5 Be8 20. Qh3 Bxf4 21. gxf4 Bf7
22. Be4 Bg8 23. Rf2 Qe7 24. Bf5 Rcd8 25. b4 Rd5 26. Rg2 Rfd8 27. b5 Na5 28. Bc3
Nc4 29. Rc2 Nxa3 30. Rb2 Nc4 31. Ra2 Nd6 32. Bc2 Nxb5 33. Ba1 Rxd2 0-1

[Event "European Blitz 2015"]
[Site "Minsk BLR"]
[Date "2015.12.18"]
[Round "14.12"]
[White "Huzman, Alexander"]
[Black "Zubov, Alexander"]
[Result "0-1"]
[WhiteTitle "GM"]
[BlackTitle "GM"]
[WhiteElo "2581"]
[BlackElo "2601"]
[WhiteFideId "2803828"]
[BlackFideId "14109409"]
[EventDate "2015.12.18"]
[EventType "swiss (blitz)"]

1. Nf3 Nf6 2. c4 e6 3. g3 d5 4. Bg2 Be7 5. O-O O-O 6. d4 Nbd7 7. Qc2 c6 8. b3 b6
9. Nbd2 Bb7 10. e4 c5 11. exd5 exd5 12. Bb2 Rc8 13. Qf5 g6 14. Qh3 Re8 15. Rfe1
cxd4 16. Nxd4 Bb4 17. Rxe8+ Qxe8 18. Nf1 Ba8 19. Ne3 dxc4 20. Bxa8 c3 21. Bc6
cxb2 22. Rb1 Rxc6 23. Nxc6 Qe4 24. Rxb2 Qxc6 25. Rc2 Qd6 26. Qg2 Bc5 27. Rc3 Qd2
28. Rc2 Qd6 29. Rc3 Ne5 30. Qa8+ Kg7 31. Nc4 Qd4 32. Rc2 Qd1+ 0-1

[Event "European Blitz 2015"]
[Site "Minsk BLR"]
[Date "2015.12.18"]
[Round "14.13"]
[White "Bocharov, Dmitry"]
[Black "Razin, Vadim"]
[Result "1-0"]
[WhiteTitle "GM"]
[WhiteElo "2558"]
[BlackElo "2345"]
[WhiteFideId "4138716"]
[BlackFideId "14119463"]
[EventDate "2015.12.18"]
[EventType "swiss (blitz)"]

1. d4 d5 2. c4 Nc6 3. Nf3 e5 4. dxe5 d4 5. a3 a5 6. e3 Bg4 7. Be2 d3 8. Qxd3
Qxd3 9. Bxd3 Bxf3 10. gxf3 Nxe5 11. Be2 O-O-O 12. Nc3 Nf6 13. f4 Nd3+ 14. Bxd3
Rxd3 15. Ke2 Rd7 16. Bd2 Be7 17. Rhd1 Re8 18. Be1 Bd6 19. Kf3 b6 20. Nb5 Ne4 21.
Nxd6+ Rxd6 22. Rxd6 Nxd6 23. Rc1 Ne4 24. Bc3 g6 25. Rd1 Nd6 26. c5 bxc5 27. Bxa5
Kb7 28. Bc3 Kc6 29. a4 Ra8 30. Ra1 Nc4 31. Ke2 Nb6 32. a5 Nd5 33. Bd2 Kb5 34. e4
Nb4 35. Bxb4 cxb4 36. Kd3 c5 37. a6 Rxa6 38. Rxa6 Kxa6 39. Kc4 Kb6 40. Kd5 Kb5
41. b3 c4 42. bxc4+ Ka4 43. c5 b3 44. c6 b2 45. c7 b1=Q 46. c8=Q Qd3+ 47. Ke5
Qb5+ 48. Kf6 Qd3 49. Qc6+ Kb4 50. Qb7+ Kc3 51. Qc6+ Kb4 52. Kxf7 Qd2 53. Qb6+
Kc4 54. Qc7+ Kb5 55. Qe5+ Kb4 56. f5 gxf5 57. Qxf5 Qh6 58. e5 Kc5 59. e6+ Kd6
60. Qd3+ Kc7 61. Qg3+ Kc6 62. Qf3+ Kd6 63. Qd3+ Kc6 64. Qd7+ Kb6 65. Qd6+ Kb7
66. Qe5 Qg6+ 67. Ke7 Kc8 68. f4 h5 69. Qf6 Qd3 70. Kf8 Qa3+ 71. e7 Kd7 72. Kf7
Qb3+ 73. Kg7 Qb8 74. Qf7 Qb2+ 75. Kh7 Qc2+ 76. f5 1-0

[Event "European Blitz 2015"]
[Site "Minsk BLR"]
[Date "2015.12.18"]
[Round "14.14"]
[White "Movsesian, Sergei"]
[Black "Sharafiev, Azat"]
[Result "1-0"]
[WhiteTitle "GM"]
[BlackTitle "IM"]
[WhiteElo "2659"]
[BlackElo "2420"]
[WhiteFideId "310204"]
[BlackFideId "4186214"]
[EventDate "2015.12.18"]
[EventType "swiss (blitz)"]

1. Nf3 Nf6 2. g3 c5 3. Bg2 g6 4. O-O Nc6 5. d3 Bg7 6. e4 O-O 7. Nbd2 d5 8. c3 e5
9. exd5 Nxd5 10. Nc4 Re8 11. Re1 h6 12. Qb3 Nb6 13. Be3 Qxd3 14. Bf1 Qd5 15.
Nxb6 Qxf3 16. Bg2 Qxg2+ 17. Kxg2 axb6 18. Qxb6 c4 19. a4 Be6 20. Red1 Na5 21.
Rd6 Bf8 22. Rad1 Bxd6 23. Rxd6 Kg7 24. Qb5 Bf5 25. f3 h5 26. h3 Bd3 27. Qd5 Nc6
28. Rd7 Rf8 29. Bc5 e4 30. Bxf8+ Rxf8 31. fxe4 Kh6 32. Kh2 Re8 33. Qxf7 Rxe4 34.
Qg7+ Kg5 35. Rd5+ 1-0

[Event "European Blitz 2015"]
[Site "Minsk BLR"]
[Date "2015.12.18"]
[Round "14.15"]
[White "Ragger, Markus"]
[Black "Johannessen, Leif Erlend"]
[Result "1-0"]
[WhiteTitle "GM"]
[BlackTitle "GM"]
[WhiteElo "2687"]
[BlackElo "2487"]
[WhiteFideId "1610856"]
[BlackFideId "1501674"]
[EventDate "2015.12.18"]
[EventType "swiss (blitz)"]

1. d4 e6 2. Nf3 f5 3. g3 Nf6 4. Bg2 d5 5. O-O Bd6 6. b3 Qe7 7. c4 c6 8. Nc3 O-O
9. Bb2 b6 10. Rc1 Bb7 11. e3 Nbd7 12. Ne2 Ne4 13. Nf4 Rac8 14. Ne5 Rfd8 15. Nxd7
Rxd7 16. f3 Nf6 17. Qd2 c5 18. cxd5 Nxd5 19. Nxd5 Bxd5 20. Rfd1 Rdd8 21. e4 fxe4
22. fxe4 Bb7 23. Qe2 cxd4 24. Rxc8 Rxc8 25. Bxd4 e5 26. Be3 Bc5 27. h3 h6 28.
Kh2 Bxe3 29. Qxe3 Rc2 30. Rd2 Qc7 31. Qd3 Rxd2 32. Qxd2 a5 33. h4 Kh7 34. Bf3
Qc5 35. Bg2 Bc6 36. h5 Be8 37. Qe2 Qe7 38. Bf3 Qg5 39. Kg2 Bf7 40. Qd1 Be6 41.
Qd6 Bg4 42. Bxg4 Qxg4 43. Qxe5 Qe2+ 44. Kh3 Qf1+ 45. Kg4 Qe2+ 46. Kh3 Qf1+ 47.
Kg4 Qe2+ 48. Kf5 Qxh5+ 49. Ke6 Qe8+ 50. Kd5 Qb5+ 51. Kd6 Qb4+ 52. Kc6 a4 53.
Qf5+ Kh8 54. e5 axb3 55. axb3 Qc5+ 56. Kb7 Qd5+ 57. Kb8 Kg8 58. g4 b5 59. Kc7 b4
60. e6 Qxb3 61. Qf7+ Kh7 62. Qf5+ Kg8 63. e7 Qc4+ 64. Kd8 Qd4+ 65. Qd7 Qb6+ 66.
Qc7 Qf6 67. Kc8 Qa6+ 68. Kd7 Qd3+ 69. Qd6 Qb5+ 70. Qc6 Qd3+ 71. Kc8 1-0

[Event "European Blitz 2015"]
[Site "Minsk BLR"]
[Date "2015.12.18"]
[Round "14.16"]
[White "Guseinov, Gadir"]
[Black "Sychev, Klementy"]
[Result "0-1"]
[WhiteTitle "GM"]
[BlackTitle "IM"]
[WhiteElo "2646"]
[BlackElo "2415"]
[WhiteFideId "13401378"]
[BlackFideId "4114060"]
[EventDate "2015.12.18"]
[EventType "swiss (blitz)"]

1. e4 e5 2. Nf3 Nc6 3. Bb5 Nf6 4. O-O Nxe4 5. d4 Nd6 6. Ba4 exd4 7. c3 d3 8.
Re1+ Be7 9. Qxd3 O-O 10. Bc2 f5 11. Bf4 Ne4 12. Qd5+ Kh8 13. Nbd2 d6 14. Rad1
Nf6 15. Qd3 Ne4 16. Nxe4 fxe4 17. Rxe4 Bf5 18. Qe2 Bxe4 19. Qxe4 g6 20. Bh6 Rf6
21. Re1 Qd7 22. h4 d5 23. Qe2 Bd6 24. Qd2 Re8 25. Rd1 Ne5 26. Nxe5 Rxe5 27. Be3
c5 28. b4 b6 29. bxc5 bxc5 30. Bb3 Rff5 31. g3 Qe7 32. Bc2 Rf8 33. Bg5 Qe6 34.
Bb3 c4 35. Bxc4 dxc4 36. Qxd6 Re1+ 37. Kg2 0-1

[Event "European Blitz 2015"]
[Site "Minsk BLR"]
[Date "2015.12.18"]
[Round "14.17"]
[White "Shtembuliak, Evgeny"]
[Black "Demidov, Mikhail"]
[Result "1-0"]
[WhiteTitle "FM"]
[BlackTitle "IM"]
[WhiteElo "2420"]
[BlackElo "2485"]
[WhiteFideId "14113325"]
[BlackFideId "4197143"]
[EventDate "2015.12.18"]
[EventType "swiss (blitz)"]

1. Nf3 Nf6 2. g3 d5 3. Bg2 c6 4. O-O Bg4 5. c4 dxc4 6. Na3 Nbd7 7. Nxc4 e6 8. d3
Be7 9. Bd2 O-O 10. Rb1 Qc7 11. b4 e5 12. Qc2 Rfc8 13. Rfc1 Bf5 14. e4 Bg4 15.
Be3 Bxf3 16. Bxf3 b6 17. d4 exd4 18. Bxd4 Nf8 19. Be3 Ne6 20. Qe2 Nd7 21. Bg2
Bf6 22. f4 Bd4 23. f5 Bxe3+ 24. Qxe3 Nef8 25. e5 Re8 26. Re1 b5 27. Nd6 Rxe5 28.
Qd4 Rd8 29. Rxe5 Nxe5 30. Qxe5 Rxd6 31. Re1 h6 32. h4 Qb6+ 33. Kh2 Rd2 34. Re2
Rxe2 35. Qxe2 c5 36. bxc5 Qxc5 37. f6 Ne6 38. fxg7 a5 39. Qd2 Kxg7 40. Qxa5 Nd4
41. Qd2 Qe5 42. Qf2 b4 43. Bh3 Nb5 44. Bf1 Nc3 45. Bc4 f5 46. Qa7+ Kh8 47. Qa8+
Kg7 48. Qg8+ Kf6 49. Qf7# 1-0

[Event "European Blitz 2015"]
[Site "Minsk BLR"]
[Date "2015.12.18"]
[Round "14.19"]
[White "Landa, Konstantin"]
[Black "Konenkin, Dmitry"]
[Result "0-1"]
[WhiteTitle "GM"]
[BlackTitle "FM"]
[WhiteElo "2625"]
[BlackElo "2243"]
[WhiteFideId "4101685"]
[BlackFideId "4185781"]
[EventDate "2015.12.18"]
[EventType "swiss (blitz)"]

1. d4 d6 2. Nf3 Nd7 3. g3 e5 4. Bg2 Ngf6 5. O-O Be7 6. c4 c6 7. Nc3 O-O 8. Qc2
Re8 9. Rd1 Qc7 10. b3 Bf8 11. e3 e4 12. Nd2 d5 13. a4 a5 14. Ba3 Bb4 15. Rdc1
Qd6 16. Bb2 Qe6 17. cxd5 cxd5 18. Nb5 Bd6 19. Ba3 Bb8 20. Qxc8 Rxc8 21. Rxc8+
Ne8 22. Nc7 Bxc7 23. Rxa8 f5 24. Rc1 Bb6 25. Rcc8 Nf6 26. Bf1 Kf7 27. Nc4 Bxd4
28. exd4 Kg6 29. Ne5+ Kh6 30. Bb5 Nd6 31. Bxd6 f4 32. Re8 Qh3 33. Bf1 Qh5 34.
Re6 fxg3 35. fxg3 e3 36. Nd3 e2 37. Bxe2 Qh3 38. Bf4+ Kg6 39. Rd6 Kf5 40. Rf8
Ke4 41. Nf2+ Kxd4 42. Nxh3 0-1

[Event "European Blitz 2015"]
[Site "Minsk BLR"]
[Date "2015.12.18"]
[Round "14.20"]
[White "Dzhumagaliev, Yan"]
[Black "Kazakovskiy, Valeriy"]
[Result "1-0"]
[WhiteTitle "FM"]
[BlackTitle "IM"]
[WhiteElo "2400"]
[BlackElo "2342"]
[WhiteFideId "24100110"]
[BlackFideId "13507443"]
[EventDate "2015.12.18"]
[EventType "swiss (blitz)"]

1. d4 Nf6 2. c4 e6 3. g3 Bb4+ 4. Bd2 Qe7 5. Bg2 Nc6 6. Nf3 Bxd2+ 7. Nbxd2 d6 8.
O-O e5 9. d5 Nb8 10. b4 a5 11. bxa5 Rxa5 12. Nb3 Ra7 13. Ne1 O-O 14. Nd3 Bf5 15.
a4 Na6 16. a5 Bxd3 17. exd3 Nd7 18. d4 exd4 19. Nxd4 Ndc5 20. Qf3 Nb4 21. Rfe1
Qd8 22. Bf1 Ra8 23. Qc3 Nba6 24. Nf5 Qg5 25. Ne7+ Kh8 26. h4 Qg4 27. Kh2 Ne4 28.
Qd4 Nac5 29. Ra3 Nf6 30. Qa1 Qh5 31. Bh3 Qh6 32. Nf5 Qd2 33. Kg2 Nce4 34. Rxe4
Rfe8 35. Rae3 Rxe4 36. Rxe4 Rxa5 37. Qxf6 1-0

[Event "European Blitz 2015"]
[Site "Minsk BLR"]
[Date "2015.12.18"]
[Round "14.21"]
[White "Shkapenko, Pavel"]
[Black "Romanov, Evgeny"]
[Result "0-1"]
[WhiteTitle "IM"]
[BlackTitle "GM"]
[WhiteElo "2407"]
[BlackElo "2590"]
[WhiteFideId "4151933"]
[BlackFideId "4148843"]
[EventDate "2015.12.18"]
[EventType "swiss (blitz)"]

1. e4 e5 2. Nf3 Nc6 3. Bc4 Bc5 4. c3 Nf6 5. d4 exd4 6. cxd4 Bb4+ 7. Bd2 Bxd2+ 8.
Nbxd2 d5 9. exd5 Nxd5 10. O-O O-O 11. Rc1 Nce7 12. Re1 c6 13. Bb3 Bg4 14. Ne4
Ng6 15. h3 Bf5 16. Ng3 Be6 17. a3 Re8 18. Bc2 Ndf4 19. Be4 Bd5 20. Qc2 Bxe4 21.
Rxe4 Rxe4 22. Nxe4 Qd5 23. Re1 h6 24. Kh2 Rd8 25. Qc5 Qb3 26. Qc3 Qb6 27. Nc5
Qc7 28. Kg1 Nd5 29. Qc2 Ndf4 30. Qb3 b6 31. Nd3 Nxd3 32. Qxd3 Nf4 33. Qe4 Ne6
34. Rc1 Rd6 35. b4 a6 36. Qd3 b5 37. Qe4 Qb6 38. Kf1 a5 39. Qe5 Rd5 40. Qe4 axb4
41. axb4 g6 42. Ne5 Qxd4 43. Qxd4 Nxd4 44. Nxc6 Nxc6 45. Rxc6 Rd4 46. g3 h5 47.
h4 Rxb4 48. Rb6 Kf8 49. Rb7 Kg7 50. Rb6 Rb2 51. Kg2 b4 52. Kf3 b3 53. Kg2 Kf8
54. Rb7 Rb1 55. Kf3 Ke8 56. Kg2 Kd8 57. Rxf7 Rc1 58. Rb7 Rc3 59. f3 Rc2+ 60. Kh3
b2 61. g4 Kc8 62. Rb5 Kc7 63. gxh5 gxh5 64. Kg3 Kc6 65. Rb8 Kc5 66. Kf4 Rc4+ 67.
Kg5 Rb4 68. Rc8+ Kb5 69. Rb8+ Kc4 0-1